50 Famous Actresses by Movie 2.0 - Statistics

General Stats
  • This quiz has been taken 123 times
  • The average score is 18 of 50
Answer Stats
Movie Year Actress % Correct
Star Wars 1977 Carrie Fisher
76%
50 First Dates 2004 Drew Barrymore
75%
Beauty and the Beast 2017 Emma Watson
73%
Wonder Woman 2017 Gal Gadot
72%
The Wizard of Oz 1939 Judy Garland
71%
Vanilla Sky 2001 Cameron Diaz
68%
Monster's Ball 2001 Halle Berry
68%
We're the Millers 2013 Jennifer Aniston
67%
The Color Purple 1985 Whoopi Goldberg
65%
Charlie's Angels 2000 Lucy Liu
62%
Transformers 2007 Megan Fox
60%
Fences 2016 Viola Davis
57%
Avatar 2009 Zoe Saldana
55%
Scream 1996 Courteney Cox
49%
L.A. Confidential 1997 Kim Basinger
45%
A Beautiful Mind 2001 Jennifer Connelly
41%
Sliding Doors 1998 Gwyneth Paltrow
39%
Casper 1995 Christina Ricci
38%
Gone Girl 2014 Rosamund Pike
38%
Edge of Tomorrow 2014 Emily Blunt
35%
What Ever Happened to Baby Jane? 1962 Joan Crawford
35%
Notes on a Scandal 2006 Judi Dench
34%
Wild 2014 Reese Witherspoon
34%
Marriage Italian Style 1964 Sophia Loren
32%
Calamity Jane 1954 Doris Day
31%
The King and I 1956 Deborah Kerr
30%
Me Before You 2016 Emilia Clarke
29%
Hanna 2011 Saoirse Ronan
28%
The Constant Gardener 2005 Rachel Weisz
27%
Point of No Return 1993 Bridget Fonda
26%
The Godfather 1972 Talia Shire
25%
Gilda 1946 Rita Hayworth
23%
Poor Little Rich Girl 1936 Shirley Temple
23%
Inglourious Basterds 2009 Diane Kruger
21%
Blade Runner 2049 2017 Ana de Armas
20%
On Her Majesty's Secret Service 1969 Diana Rigg
19%
She Done Him Wrong 1933 Mae West
18%
Malcolm & Marie 2021 Zendaya
18%
The Night of the Iguana 1964 Ava Gardner
16%
300 2006 Lena Headey
16%
Miracle on 34th Street 1947 Maureen O'Hara
16%
Blade Runner 1982 Daryl Hannah
15%
The Major and the Minor 1942 Ginger Rogers
13%
American Sniper 2014 Sienna Miller
12%
The Last King of Scotland 2006 Gillian Anderson
11%
Samson and Delilah 1949 Hedy Lamarr
11%
The Hunchback of Notre Dame 1956 Gina Lollobrigida
10%
Spanglish 2004 Paz Vega
9%
Harsh Times 2005 Eva Longoria
8%
Hitman 2007 Olga Kurylenko
6%
No matching quizzes found
Score Distribution
Percent of People with Each Score
Percentile by Number Answered
Your Score History
You have not taken this quiz